| 000 | 00826nam a22003377a 4500 | ||
|---|---|---|---|
| 001 | BR9500381 | ||
| 003 | BR-BrBNA | ||
| 005 | 20230928094421.0 | ||
| 007 | ta | ||
| 008 | 230509b bl.||||| |||| 00| 0 por d | ||
| 040 |
_aBR-BrBNA _bpor _cBiblioteca Nacional de Agricultura |
||
| 041 | _a(Por) | ||
| 072 | _aE10; E50 | ||
| 090 | _ E10 BR9500381 | ||
| 100 | 1 | _aCampos, F.V. de | |
| 245 | 1 | _aRetrato de Mato Grosso | |
| 250 | 1 | _a3. ed. | |
| 260 | 3 |
_aSao Paulo, SP (Brasil): _bBrasil-Oeste, _c1969. |
|
| 300 | _a223 p. | ||
| 650 | _aFisiografia | ||
| 650 | _aSolo | ||
| 650 | _aRelevo | ||
| 650 | _aClima | ||
| 650 | _aHidrografia | ||
| 650 | _aDemografia | ||
| 650 | _aIndicador Economico | ||
| 650 | _aIndicador Social | ||
| 650 | _aMato Grosso | ||
| 909 |
_a202309 _bLucia _c55 _dLucia Elande |
||
| 942 | _cBK | ||
| 999 |
_c50614 _d50614 |
||